Normal view
MARC view
- Taseef haider
Entry Personal Name
001 - CONTROL NUMBER
- control field: 17655
003 - CONTROL NUMBER IDENTIFIER
- control field: NUST
005 - DATE AND TIME OF LATEST TRANSACTION
- control field: 20190715062106.0
008 - FIXED-LENGTH DATA ELEMENTS
- fixed length control field: 190715|| aca||aabn | a|a d
040 ## - CATALOGING SOURCE
- Original cataloging agency: NUST
- Transcribing agency: NUST
100 ## - HEADING--PERSONAL NAME
- Personal name: Taseef haider
670 ## - SOURCE DATA FOUND
- Source citation: Work cat.: (NUST): Taseef haider, Kalam e Abar shah /, 2012.
